000 01214cam a22002411i 4500
003 SA-RiAUC
005 20250727055657.0
008 250725s1996 su g b f000 0 ara c
040 _aJO-IrYU
_bara
_cSA-RiAUC
_erda
082 0 4 _a016.4155
_qSA-RiAUC
090 _a016.4155
_bج ا م
110 2 _aجامعة أم القرى.
_bمركز البحوث وإحياء التراث الإسلامي.
_bقسم الفهرسة
_eمؤلف.
245 1 0 _aفهرس الصرف /
_cإعداد قسم الفهرسة وقسم الحاسب الآلي بمعهد البحوث العلمية وإحياء التراث الإسلامي بجامعة أم القرى.
264 1 _aمكة المكرمة :
_bجامعة أم القرى، معهد البحوث العلمية وإحياء التراث الإسلامي،
_c1996.
300 _a75 صفحة ؛
_c28 سم.
336 _aنص
_btxt
_2rdacontent
_3كتاب
337 _aبدون وسيط
_bn
_2rdamedia
338 _aمجلد
_bnc
_2rdacarrier
490 0 _aسلسلة فهارس المخطوطات المصورة ؛
_v7
650 7 _aاللغة العربية
_xصرف
_vببليوجرافيات
_2aucsh
942 _2ddc
_cBOOK
_n0
949 _aSA-JeALM
_d250725
_umohamedma123
_n1
999 _c10319
_d10319